000 00575nam a2200217Ia 4500
003 OSt
005 20230503101215.0
008 210423s2012 xx 000 0 und d
020 _a9781107608689
040 _cAL
041 _aeng
082 _a531.112 FLED
_223
100 _aFLEISCH (Daniel A).
_994653
245 _aStudents guide to vectors and tensors.
260 _aNew York
_bCambridge University Press
_c2012
300 _ax,197
_bPB
365 _b245
_cINR
650 _aDynamics
_994654
906 _aguide ; Students ; tensors. ; vectors
942 _2ddc
_cBK
999 _c161914
_d161914